[Event "26.Schlosspark-Open"]
[Site "Wiesbaden-Biebrich"]
[Date "2014.08.28"]
[Round "1.30"]
[White "Bingert, Tim Niklas"]
[Black "Brandt, Michael"]
[Result "1-0"]
[WhiteElo "2120"]
[BlackElo "1762"]
[PlyCount "72"]
[EventDate "2014.??.??"]
[WhiteTeam "SV 1920 Hofheim"]
[BlackTeam "Wiesbadener SV 1885"]

1. e4 c5 2. Nf3 Nc6 3. d4 cxd4 4. Nxd4 e5 5. Nb5 d6 6. N1c3 a6 7. Na3 b5 8. Nd5
Nf6 9. Bg5 Be7 10. Bxf6 gxf6 11. c3 f5 12. Bd3 Be6 13. Qh5 Bf6 14. Nxf6+ Qxf6
15. exf5 Bd7 16. Nc2 Ne7 17. Ne3 Qg7 18. Qf3 Nc6 19. Nd5 Ra7 20. O-O f6 21.
Qh5+ Kf8 22. a4 Be8 23. Qh4 Qg5 24. Qxg5 fxg5 25. axb5 axb5 26. Bxb5 Rb7 27.
Bxc6 Bxc6 28. Ra8+ Be8 29. b4 Kf7 30. Rfa1 Rf8 31. R1a7 Rxa7 32. Rxa7+ Kg8 33.
c4 Rf7 34. Ra8 Kf8 35. b5 h5 36. b6 g4 1-0

[Event "26.Schlosspark-Open"]
[Site "Wiesbaden-Biebrich"]
[Date "2014.08.28"]
[Round "1.31"]
[White "Wachsmann, Dietmar"]
[Black "Stimpel, Franz"]
[Result "0-1"]
[WhiteElo "1760"]
[BlackElo "2124"]
[PlyCount "46"]
[EventDate "2014.??.??"]
[WhiteTeam "SC Groß-Umstadt"]
[BlackTeam "Wiesbadener SV 1885"]

1. e4 e6 2. d3 d5 3. Nd2 Nf6 4. Ngf3 c5 5. g3 g6 6. Bg2 Bg7 7. O-O O-O 8. Re1
Nc6 9. c3 e5 10. exd5 Nxd5 11. Nc4 Re8 12. Bg5 f6 13. Bd2 Nb6 14. Nxb6 axb6 15.
Qc2 Bf5 16. Bf1 c4 17. a3 cxd3 18. Qb3+ Be6 19. Qb5 Bd5 20. Bg2 e4 21. Nd4 Ra5
22. Nxc6 bxc6 23. Qb4 c5 0-1

[Event "26.Schlosspark-Open"]
[Site "Wiesbaden-Biebrich"]
[Date "2014.08.28"]
[Round "1.32"]
[White "Thybo, Jesper Sondergaard"]
[Black "Wilke, Tabea"]
[Result "1-0"]
[WhiteElo "2121"]
[BlackElo "1750"]
[PlyCount "73"]
[EventDate "2014.??.??"]
[WhiteTeam "Skive Skak Klub"]
[BlackTeam "SC 1979 Hattersheim"]

1. d4 d5 2. c4 e6 3. Nf3 Nf6 4. g3 c6 5. Bg2 Nbd7 6. Nbd2 Be7 7. O-O O-O 8. Qc2
b6 9. Rd1 Bb7 10. e4 Rc8 11. e5 Ne8 12. Nf1 Nc7 13. h4 Re8 14. N1h2 dxc4 15.
Ng5 Nf8 16. Be4 Ng6 17. Nxh7 Kxh7 18. h5 Rh8 19. Qxc4 Kg8 20. hxg6 fxg6 21. Qe2
g5 22. Qg4 Qe8 23. Nf3 Qh5 24. Qxh5 Rxh5 25. g4 Rh8 26. Bxg5 Bxg5 27. Nxg5 Re8
28. Rac1 Nd5 29. Bxd5 exd5 30. Kg2 c5 31. f4 g6 32. dxc5 bxc5 33. Rxc5 d4+ 34.
Kg3 Rd8 35. Rc7 Ba6 36. Ne6 Re8 37. Rg7# 1-0

[Event "26.Schlosspark-Open"]
[Site "Wiesbaden-Biebrich"]
[Date "2014.08.28"]
[Round "1.33"]
[White "Traut, Stefan"]
[Black "Holzschuh, Gerald"]
[Result "0-1"]
[WhiteElo "1759"]
[BlackElo "2113"]
[PlyCount "128"]
[EventDate "2014.??.??"]
[WhiteTeam "SF Heusenstamm"]
[BlackTeam "SC Bad Nauheim"]

1. d4 Nf6 2. Nf3 g6 3. c4 Bg7 4. Nc3 d6 5. g3 O-O 6. Bg2 c6 7. O-O Nbd7 8. Qc2
e5 9. dxe5 Nxe5 10. Nxe5 dxe5 11. Rd1 Qc7 12. Bg5 Be6 13. b3 h6 14. Bxf6 Bxf6
15. Rac1 Bg5 16. Ra1 Rfd8 17. h4 Be7 18. Rxd8+ Rxd8 19. Rd1 Bb4 20. Nb1 Rd7 21.
Rxd7 Qxd7 22. Qd3 Qd4 23. Qxd4 exd4 24. Be4 f5 25. Bd3 c5 26. Kg2 Kf7 27. Kf3
Bd7 28. e3 dxe3 29. Kxe3 Bc6 30. Nd2 Kf6 31. Nf3 g5 32. hxg5+ hxg5 33. Ng1 Ba3
34. Ne2 Bb4 35. Ng1 Ba5 36. Ne2 Bg2 37. Bc2 Be1 38. Bd3 Bc6 39. Bc2 Ke5 40. f4+
Kf6 41. Bd3 b6 42. Bc2 Be8 43. Bd3 Bh5 44. Bc2 Bxe2 45. Kxe2 Bxg3 46. fxg5+
Kxg5 47. Kf3 Be1 48. Bd1 Bd2 49. Be2 Bc1 50. Bd3 Kf6 51. a4 Bd2 52. Be2 Ke5 53.
Bd1 Kd4 54. Kf2 Kc3 55. Ke2 Bh6 56. Ke1 Kb2 57. Kf2 Bd2 58. Kf1 Bc3 59. Kf2 Kc1
60. Ke2 Bb4 61. a5 bxa5 62. Kf3 Kxd1 63. Kf4 Kc2 64. Kxf5 Kxb3 0-1

[Event "26.Schlosspark-Open"]
[Site "Wiesbaden-Biebrich"]
[Date "2014.08.28"]
[Round "1.34"]
[White "Keller, Peter"]
[Black "Schneider, Lutz"]
[Result "1-0"]
[WhiteElo "2110"]
[BlackElo "1748"]
[PlyCount "53"]
[EventDate "2014.??.??"]
[WhiteTeam "Sabt Frankfurter TV 1860"]
[BlackTeam "Vorw.Orient Mainz"]

1. e4 c6 2. d4 d5 3. exd5 cxd5 4. c4 Nf6 5. Nc3 e6 6. Nf3 Be7 7. cxd5 Nxd5 8.
Bd3 O-O 9. O-O Bf6 10. Ne4 Nd7 11. Bc2 Qc7 12. a3 Rd8 13. Nxf6+ N5xf6 14. Bg5
Re8 15. Qd3 b6 16. Ne5 Nxe5 17. dxe5 Qxe5 18. Bxf6 Qxf6 19. Qxh7+ Kf8 20. Be4
Rb8 21. Bc6 Rd8 22. Rfd1 g6 23. Rxd8+ Qxd8 24. Qh8+ Ke7 25. Qh4+ f6 26. Qh7+
Kf8 27. Qh8+ 1-0

[Event "26.Schlosspark-Open"]
[Site "Wiesbaden-Biebrich"]
[Date "2014.08.28"]
[Round "1.35"]
[White "Bratmann, Marc"]
[Black "Busche, Stefan"]
[Result "0-1"]
[WhiteElo "1747"]
[BlackElo "2108"]
[PlyCount "40"]
[EventDate "2014.??.??"]
[WhiteTeam "SAbt TuS Dotzheim"]
[BlackTeam "SVG Saarbrücken 1970 e.V."]

1. e4 c5 2. c4 Nc6 3. Nc3 g6 4. g3 Bg7 5. Bg2 e6 6. Nge2 Nge7 7. O-O O-O 8. d3
d6 9. Be3 Nd4 10. Bxd4 cxd4 11. Nb1 Rb8 12. b4 a6 13. Nd2 b5 14. a3 bxc4 15.
Nxc4 d5 16. Na5 dxe4 17. Bxe4 Qb6 18. Rc1 Bd7 19. Qb3 Qxa5 20. Rc5 Qxc5 0-1

[Event "26.Schlosspark-Open"]
[Site "Wiesbaden-Biebrich"]
[Date "2014.08.28"]
[Round "1.36"]
[White "Barpiyeva, Gulsana"]
[Black "Resa, Hans Farid"]
[Result "1-0"]
[WhiteElo "2098"]
[BlackElo "1747"]
[PlyCount "73"]
[EventDate "2014.??.??"]
[WhiteTeam "SC Brett vorm Kopp Ffm"]
[BlackTeam "Sfr.Heimersheim"]

1. c4 Nf6 2. Nc3 d5 3. cxd5 Nxd5 4. g3 b6 5. Bg2 Bb7 6. Nf3 e6 7. O-O Nd7 8. d4
N7f6 9. Qa4+ c6 10. Ne5 b5 11. Qb3 b4 12. Na4 Nd7 13. Nd3 Ba6 14. Re1 Bxd3 15.
Qxd3 Be7 16. e4 N5b6 17. Nxb6 Nxb6 18. Bf4 O-O 19. Rac1 Rc8 20. Bh3 Bg5 21.
Bxg5 Qxg5 22. Rc5 Qg6 23. Rec1 Nd5 24. Qf3 Ne7 25. Ra5 Rc7 26. Rc4 Rb7 27. b3
f5 28. Re5 Rf6 29. exf5 exf5 30. Qe2 Nd5 31. Re8+ Kf7 32. Bg2 Ne7 33. Rd8 f4
34. Be4 Qh6 35. d5 cxd5 36. Bxd5+ Nxd5 37. Qe8# 1-0

[Event "26.Schlosspark-Open"]
[Site "Wiesbaden-Biebrich"]
[Date "2014.08.28"]
[Round "1.37"]
[White "Scholl, Alois"]
[Black "Rosenberger, Frank"]
[Result "0-1"]
[WhiteElo "1733"]
[BlackElo "2098"]
[PlyCount "100"]
[EventDate "2014.??.??"]
[WhiteTeam "SV Schwalbach"]
[BlackTeam "SK 1980 Gernsheim"]

1. Nf3 d5 2. b3 Nf6 3. Bb2 c6 4. e3 Bg4 5. Be2 Nbd7 6. d3 e6 7. Nbd2 Bd6 8. Nd4
Bxe2 9. Qxe2 O-O 10. O-O c5 11. Nb5 Be7 12. Rad1 a6 13. Na3 b5 14. Nab1 Qc7 15.
Nf3 e5 16. c4 dxc4 17. dxc4 e4 18. Nfd2 b4 19. a3 a5 20. f3 exf3 21. Nxf3 Ne4
22. Rd5 Bf6 23. a4 Bxb2 24. Qxb2 Ndf6 25. Rf5 Ra6 26. Nfd2 Re8 27. Qc2 Rae6 28.
R1f3 Qe7 29. Nf1 g6 30. R5f4 Ng5 31. Rf2 Nfe4 32. Re2 f5 33. h4 Nf7 34. Nbd2
Nc3 35. Re1 Nh6 36. Nf3 Ng4 37. h5 Nxe3 38. Nxe3 Rxe3 39. Rf1 Ne2+ 40. Kh1 Nxf4
41. hxg6 hxg6 42. Qf2 Qh7+ 43. Nh2 Ne2 44. Rd1 Nd4 45. Kg1 Qh5 46. Rf1 R8e4 47.
Nf3 Ne2+ 48. Qxe2 Rxe2 49. Ng5 Qxg5 50. Re1 Qxg2# 0-1

[Event "26.Schlosspark-Open"]
[Site "Wiesbaden-Biebrich"]
[Date "2014.08.28"]
[Round "1.38"]
[White "Werner, Dimo"]
[Black "van Bömmel, Philipp"]
[Result "1/2-1/2"]
[WhiteElo "2097"]
[BlackElo "1722"]
[PlyCount "57"]
[EventDate "2014.??.??"]
[WhiteTeam "TSV Schott Mainz"]
[BlackTeam "SC 1979 Hattersheim"]

1. d4 f5 2. g3 Nf6 3. Bg2 g6 4. Nf3 Bg7 5. O-O O-O 6. c4 d6 7. Nc3 c6 8. Re1
Qc7 9. e4 fxe4 10. Nxe4 Nxe4 11. Rxe4 e5 12. dxe5 dxe5 13. Re1 Bg4 14. h3 Bxf3
15. Bxf3 Qf7 16. Kg2 Na6 17. Be3 Rad8 18. Qe2 Rd6 19. Be4 Rf6 20. f3 Nc7 21.
Bxa7 Ne6 22. Be3 Nd4 23. Bxd4 exd4 24. Qd3 Kh8 25. b4 Qe7 26. a3 Re6 27. Ra2
Re8 28. Rae2 Bf6 29. f4 1/2-1/2

[Event "26.Schlosspark-Open"]
[Site "Wiesbaden-Biebrich"]
[Date "2014.08.28"]
[Round "1.39"]
[White "Ley, Sabrina"]
[Black "Fellhauer, Clemens"]
[Result "1/2-1/2"]
[WhiteElo "1597"]
[BlackElo "2096"]
[PlyCount "59"]
[EventDate "2014.??.??"]
[WhiteTeam "SV Turm Lahnstein"]
[BlackTeam "SK 69 Mühlhausen e.V."]

1. e4 c5 2. Nf3 Nf6 3. e5 Nd5 4. d4 cxd4 5. Nxd4 e6 6. g3 Qc7 7. f4 Nc6 8. Nb5
Qb6 9. c4 Bb4+ 10. Bd2 Ne3 11. Qb3 Bxd2+ 12. Nxd2 O-O 13. Rc1 Nxf1 14. Rxf1 Nd4
15. Nxd4 Qxd4 16. Qc3 Qxc3 17. Rxc3 f6 18. Ne4 Kf7 19. Ke2 Ke7 20. Nd6 b6 21.
Rff3 Rb8 22. b3 Bb7 23. Rfd3 a6 24. Rd2 Bc6 25. Rd1 h6 26. Rd2 g5 27. Ke1 fxe5
28. fxe5 g4 29. Rcc2 Rf3 30. Rf2 1/2-1/2

[Event "26.Schlosspark-Open"]
[Site "Wiesbaden-Biebrich"]
[Date "2014.08.28"]
[Round "1.40"]
[White "Frey, Thomas"]
[Black "Gelfenbaum, Daniel"]
[Result "1/2-1/2"]
[WhiteElo "2089"]
[BlackElo "1716"]
[PlyCount "40"]
[EventDate "2014.??.??"]
[WhiteTeam "SV Reutlingen"]
[BlackTeam "SAbt TuS Makkabi Ffm"]

1. d4 d5 2. c4 e6 3. Nc3 Nf6 4. Bg5 Nbd7 5. cxd5 exd5 6. e3 Be7 7. Qc2 O-O 8.
Bd3 h6 9. Bf4 c5 10. dxc5 Nxc5 11. Nf3 Be6 12. O-O Rc8 13. Be5 Qd7 14. Nd4 Nce4
15. Bb5 Qd8 16. Nxe6 fxe6 17. Qe2 Bd6 18. Nxe4 Bxe5 19. Nxf6+ Qxf6 20. Bd3 Rc7
1/2-1/2

[Event "26.Schlosspark-Open"]
[Site "Wiesbaden-Biebrich"]
[Date "2014.08.28"]
[Round "1.41"]
[White "Pade, Joachim"]
[Black "Kalepky, Helmut"]
[Result "0-1"]
[WhiteElo "1713"]
[BlackElo "2084"]
[PlyCount "104"]
[EventDate "2014.??.??"]
[WhiteTeam "SC Butzbach 2000"]
[BlackTeam "Sfr.Heidesheim"]

1. e4 c5 2. Nf3 d6 3. d4 Nf6 4. Nc3 cxd4 5. Nxd4 Nc6 6. Nxc6 bxc6 7. Be2 g6 8.
Be3 Qc7 9. O-O Bg7 10. f4 Be6 11. g4 h6 12. f5 gxf5 13. gxf5 Bd7 14. Rf2 O-O-O
15. Qd2 Rdg8 16. Kh1 c5 17. Bf3 Bc6 18. Nd5 Qb7 19. c3 Bxd5 20. exd5 h5 21. Rg2
Bf8 22. Rag1 Rxg2 23. Rxg2 Qd7 24. Qd3 Bh6 25. Bxh6 Rxh6 26. Rg7 Qe8 27. b3 Rh8
28. Rg2 Kc7 29. b4 Nd7 30. Bd1 Ne5 31. Qa6 Qa8 32. Qa5+ Kc8 33. Bb3 c4 34. Ba4
Qb7 35. Bb5 Qb6 36. Qa4 Kc7 37. Bc6 Nxc6 38. dxc6 a6 39. Qc2 Qxc6 40. Qf2 Rg8
41. Qa7+ Kc8 42. Qf2 a5 43. a3 axb4 44. axb4 e5 45. Kg1 Rxg2+ 46. Qxg2 Qxg2+
47. Kxg2 f6 48. Kf3 d5 49. Ke3 Kc7 50. h3 Kc6 51. Kd2 d4 52. h4 Kd5 0-1

[Event "26.Schlosspark-Open"]
[Site "Wiesbaden-Biebrich"]
[Date "2014.08.28"]
[Round "1.42"]
[White "Leidorf, Sebastian"]
[Black "Günther, Rainer"]
[Result "1-0"]
[WhiteElo "2052"]
[BlackElo "1704"]
[PlyCount "52"]
[EventDate "2014.??.??"]
[WhiteTeam "SV Bergwinkel"]
[BlackTeam "SV Mainz-Mombach"]

1. c4 Nf6 2. g3 d5 3. cxd5 Nxd5 4. Bg2 e5 5. Nc3 c6 6. Nf3 Nxc3 7. bxc3 Bd6 8.
Qc2 O-O 9. O-O Nd7 10. d4 h6 11. Bb2 exd4 12. cxd4 Re8 13. e4 Nb6 14. a4 Bg4
15. a5 Nd7 16. a6 Qc7 17. Rfc1 c5 18. e5 Bf8 19. axb7 Rab8 20. Rxa7 g6 21. Nh4
Qb6 22. Ra4 Rxb7 23. dxc5 Qxb2 24. Bxb7 Qxe5 25. Rxg4 Bxc5 26. Bc6 Rc8 1-0

[Event "26.Schlosspark-Open"]
[Site "Wiesbaden-Biebrich"]
[Date "2014.08.28"]
[Round "1.43"]
[White "Mütsch, Annmarie"]
[Black "Hebbering, Tom Elliot"]
[Result "0-1"]
[WhiteElo "1701"]
[BlackElo "2065"]
[PlyCount "60"]
[EventDate "2014.??.??"]
[WhiteTeam "SC Eppingen"]
[BlackTeam "SJ Herborn 1998"]

1. e4 c5 2. c3 d6 3. d4 Nf6 4. Bd3 g6 5. Ne2 Bg7 6. O-O O-O 7. h3 Nc6 8. Be3
cxd4 9. Nxd4 Bd7 10. f4 Qc7 11. Nb5 Qb8 12. Nd2 a6 13. Nd4 b5 14. Rc1 Qb7 15.
b4 Rac8 16. Qe2 Rfe8 17. a4 e5 18. axb5 Nxd4 19. cxd4 Rxc1 20. Rxc1 exd4 21.
Bxd4 Bxb5 22. Bxb5 axb5 23. Bxf6 Bxf6 24. Qd3 Qb6+ 25. Kh1 Kg7 26. Qd5 Qd4 27.
Qxd4 Bxd4 28. e5 Be3 29. Rc2 Bxf4 30. exd6 Re1+ 0-1

[Event "26.Schlosspark-Open"]
[Site "Wiesbaden-Biebrich"]
[Date "2014.08.28"]
[Round "1.44"]
[White "Kregelin, Jan"]
[Black "Lorenz, Hermann"]
[Result "1-0"]
[WhiteElo "2073"]
[BlackElo "1698"]
[PlyCount "59"]
[EventDate "2014.??.??"]
[WhiteTeam "FVS ASP Hoyerswerda"]
[BlackTeam "Sfr.Mainz 1928"]

1. d4 Nf6 2. c4 g6 3. Nc3 d5 4. cxd5 Nxd5 5. e4 Nxc3 6. bxc3 Bg7 7. Nf3 c5 8.
Rb1 O-O 9. Be2 Qa5 10. Rb5 Qxa2 11. Rxc5 Nd7 12. Rb5 a6 13. Rb3 Qa5 14. O-O e5
15. Bc4 Qc7 16. Qe2 Nb6 17. Bd3 exd4 18. cxd4 Re8 19. Be3 Qd8 20. h3 Nd7 21.
Bc4 Rxe4 22. Bxf7+ Kh8 23. Bd5 Nc5 24. Bxe4 Nxb3 25. Ng5 Qe7 26. Qc4 Na5 27.
Qa2 Nc6 28. Nf7+ Kg8 29. Nh6+ Kf8 30. Qg8# 1-0

[Event "26.Schlosspark-Open"]
[Site "Wiesbaden-Biebrich"]
[Date "2014.08.28"]
[Round "1.45"]
[White "Färber, David"]
[Black "Seickel, Ralf"]
[Result "1/2-1/2"]
[WhiteElo "1691"]
[BlackElo "2073"]
[PlyCount "74"]
[EventDate "2014.??.??"]
[WhiteTeam "SV 1947 Walldorf"]
[BlackTeam "vereinslos"]

1. e4 Nc6 2. Nf3 e5 3. Bc4 Nf6 4. d3 Be7 5. Nc3 O-O 6. O-O d6 7. h3 Be6 8. Bb3
Nd4 9. Nxd4 exd4 10. Ne2 c5 11. Nf4 Bxb3 12. axb3 Qc7 13. Nh5 g6 14. Nxf6+ Bxf6
15. Bh6 Bg7 16. Bxg7 Kxg7 17. Qd2 a6 18. Rae1 f5 19. exf5 Rxf5 20. Re6 Raf8 21.
f3 d5 22. Rfe1 R8f7 23. Qf2 g5 24. h4 g4 25. Qd2 Qf4 26. Qxf4 Rxf4 27. fxg4
Rxg4 28. R6e5 Rg6 29. Rxd5 b6 30. Rde5 Kh6 31. Re6 Rff6 32. Rxf6 Rxf6 33. g4
Rc6 34. Kg2 b5 35. g5+ Kh5 36. Kg3 h6 37. gxh6 Kxh6 1/2-1/2

[Event "26.Schlosspark-Open"]
[Site "Wiesbaden-Biebrich"]
[Date "2014.08.28"]
[Round "1.46"]
[White "Villani, Cristian"]
[Black "Lessmann, Sven"]
[Result "1-0"]
[WhiteElo "2032"]
[BlackElo "1686"]
[PlyCount "111"]
[EventDate "2014.??.??"]
[WhiteTeam "SK Durlach"]
[BlackTeam "SC Bad Soden"]

1. Nf3 d5 2. d4 Nf6 3. c4 c6 4. Nc3 dxc4 5. a4 Bf5 6. Nh4 Bg6 7. Nxg6 hxg6 8.
e3 e6 9. Bxc4 Bb4 10. Bd2 Qd6 11. g3 Nbd7 12. O-O Rh7 13. a5 Ke7 14. f4 Rah8
15. Rf2 Bxc3 16. Bxc3 Ne4 17. Rg2 f5 18. Qb3 Rb8 19. Bb4 c5 20. dxc5 Ndxc5 21.
Qa3 Rhh8 22. Rc1 Rbc8 23. Rgc2 Rc7 24. Bd3 b6 25. Bxe4 fxe4 26. axb6 axb6 27.
Bxc5 bxc5 28. Rxc5 Rxc5 29. Qxc5 Qxc5 30. Rxc5 Rd8 31. Rb5 Rd2 32. b4 Rb2 33.
h4 Kd6 34. Kf1 Kc6 35. Rb8 Rb3 36. Kf2 Rb2+ 37. Ke1 Rb1+ 38. Kf2 Rb2+ 39. Ke1
Rb1+ 40. Kd2 Rg1 41. Kc3 Rxg3 42. Kd4 Rh3 43. b5+ Kc7 44. Rg8 Rxh4 45. Rxg7+
Kb6 46. Rxg6 Kxb5 47. Rxe6 Rh8 48. Kxe4 Rc8 49. Rd6 Re8+ 50. Kf3 Kc5 51. Rd1
Rh8 52. e4 Rh3+ 53. Kg4 Re3 54. e5 Re4 55. Kf5 Ra4 56. e6 1-0

[Event "26.Schlosspark-Open"]
[Site "Wiesbaden-Biebrich"]
[Date "2014.08.28"]
[Round "1.47"]
[White "Triantafillidis, Dimitrios"]
[Black "Junker, Christian"]
[Result "0-1"]
[WhiteElo "1659"]
[BlackElo "2061"]
[PlyCount "60"]
[EventDate "2014.??.??"]
[WhiteTeam "SF HN-Biberach 1978 e.V."]
[BlackTeam "SV 1926 Neu-Isenburg"]

1. e4 e5 2. Nf3 Nf6 3. Nc3 Nc6 4. Bc4 Nxe4 5. Nxe4 d5 6. Bd3 dxe4 7. Bxe4 Bd6
8. O-O O-O 9. d4 f6 10. dxe5 Nxe5 11. Nxe5 Bxe5 12. c3 f5 13. Bd5+ Kh8 14. f4
Bf6 15. Bb3 Bd7 16. Re1 Bc6 17. Bc2 g6 18. Be3 b6 19. Bf2 Bb7 20. Ba4 c5 21.
Bd7 Qc7 22. Qd2 Rad8 23. Rad1 Bc6 24. Re6 Rxd7 25. Rd6 Rxd6 26. Qxd6 Qxd6 27.
Rxd6 Be4 28. Kf1 Kg7 29. a3 Rd8 30. Rc6 Bxc6 0-1

[Event "26.Schlosspark-Open"]
[Site "Wiesbaden-Biebrich"]
[Date "2014.08.28"]
[Round "1.48"]
[White "Fucik, Timo"]
[Black "Stuhlmann, Florian"]
[Result "1-0"]
[WhiteElo "2057"]
[BlackElo "1654"]
[PlyCount "111"]
[EventDate "2014.??.??"]
[WhiteTeam "SK 1926 Ettlingen"]
[BlackTeam "SC Königsflügel Lindenholzhausen"]

1. d4 d5 2. c4 e6 3. Nf3 Nf6 4. Nc3 c5 5. e3 Nc6 6. Bd3 cxd4 7. exd4 dxc4 8.
Bxc4 Be7 9. O-O O-O 10. Bf4 Nd5 11. Bxd5 exd5 12. Qb3 Bd6 13. Bxd6 Qxd6 14.
Qxd5 Qb4 15. Qb5 Qd6 16. d5 Ne7 17. Rfd1 Bg4 18. Rd3 a6 19. Qb3 Rfd8 20. Rad1
Rac8 21. h3 Bf5 22. Rd4 Rd7 23. Nh4 Rcd8 24. a4 b6 25. Nxf5 Nxf5 26. Rb4 Rb8
27. Ne4 Qg6 28. Nc5 Re7 29. Rg4 Qd6 30. Ne4 Qe5 31. Qc3 Rd8 32. Qxe5 Rxe5 33.
Nc3 Nd6 34. Rb4 Rb8 35. f4 Re7 36. Kf2 Kf8 37. g4 g6 38. Kf3 Rd7 39. Ne4 Ke7
40. g5 Nxe4 41. Kxe4 b5 42. Ke5 Rb6 43. axb5 Rdd6 44. f5 gxf5 45. Rc1 axb5 46.
Rc7+ Ke8 47. Rf4 f6+ 48. gxf6 Rxf6 49. Rxh7 Rg6 50. Rfh4 b4 51. Rh8+ Kf7 52.
R4h7+ Rg7 53. Rxg7+ Kxg7 54. Rh5 Rg6 55. h4 b3 56. Rg5 1-0

[Event "26.Schlosspark-Open"]
[Site "Wiesbaden-Biebrich"]
[Date "2014.08.28"]
[Round "1.49"]
[White "Roos, Elias"]
[Black "Berberich, Christoph"]
[Result "0-1"]
[WhiteElo "1648"]
[BlackElo "2056"]
[PlyCount "47"]
[EventDate "2014.??.??"]
[WhiteTeam "SG Trier"]
[BlackTeam "SK Freiburg Zähringen 1887 e.V."]

1. e4 c5 2. Nf3 Nc6 3. d4 cxd4 4. Nxd4 Nf6 5. Nc3 e5 6. Ndb5 d6 7. Bg5 a6 8.
Na3 b5 9. Nd5 Be7 10. Bxf6 Bxf6 11. c4 b4 12. Nc2 Bg5 13. Bd3 a5 14. O-O O-O
15. Nce3 Rb8 16. Nf5 g6 17. Ng3 Kh8 18. f4 exf4 19. Nxf4 Qf6 20. Nd5 Qxb2 21.
Rf2 Qd4 22. Ne2 Qc5 23. Qf1 Ne5 24. Kh1 0-1

[Event "26.Schlosspark-Open"]
[Site "Wiesbaden-Biebrich"]
[Date "2014.08.28"]
[Round "1.50"]
[White "Feicht, Arno"]
[Black "Künitz, Klaus"]
[Result "1-0"]
[WhiteElo "2053"]
[BlackElo "1604"]
[PlyCount "37"]
[EventDate "2014.??.??"]
[WhiteTeam "SC Butzbach 2000"]
[BlackTeam "TSV Schott Mainz"]

1. d4 f5 2. Nc3 d5 3. e4 dxe4 4. Bf4 Nf6 5. Nb5 Nd5 6. Be5 c6 7. Qh5+ g6 8. Qh4
Rg8 9. Qxh7 Be6 10. O-O-O cxb5 11. Bxb5+ Nd7 12. c4 N5f6 13. Bxf6 exf6 14. d5
Bf7 15. Ne2 Rg7 16. Qh8 a6 17. Bxd7+ Qxd7 18. Nd4 O-O-O 19. Kb1 1-0

[Event "26.Schlosspark-Open"]
[Site "Wiesbaden-Biebrich"]
[Date "2014.08.28"]
[Round "1.51"]
[White "Moseler, Thomas"]
[Black "Everett, Elijah"]
[Result "0-1"]
[WhiteElo "1628"]
[BlackElo "2049"]
[PlyCount "128"]
[EventDate "2014.??.??"]
[WhiteTeam "SK Lister Turm"]
[BlackTeam "SF Schöneck"]

1. e4 c5 2. Nf3 d6 3. d4 cxd4 4. Nxd4 Nf6 5. Nc3 a6 6. f3 e5 7. Nb3 Be6 8. Be3
Nbd7 9. Nd5 Nxd5 10. exd5 Bf5 11. Bd3 e4 12. Nd4 exd3 13. Nxf5 g6 14. Ng3 dxc2
15. Qxc2 Bg7 16. O-O Rc8 17. Qd2 O-O 18. Rac1 Ne5 19. b3 Qd7 20. Rc2 Rxc2 21.
Qxc2 Rc8 22. Qd2 Rc7 23. Ne4 Kh8 24. Bg5 f5 25. Nf2 Qc8 26. Rc1 Rxc1+ 27. Qxc1
Qxc1+ 28. Bxc1 Nd7 29. Ba3 Nf6 30. Bxd6 Nxd5 31. Nd3 Bd4+ 32. Kf1 Ne3+ 33. Ke2
Nxg2 34. Be5+ Bxe5 35. Nxe5 Kg7 36. Nd7 Nf4+ 37. Ke3 Ne6 38. Kd3 Kf7 39. Kc4
Ke7 40. Ne5 Kd6 41. Nd3 g5 42. Nf2 h5 43. Kd3 Nf4+ 44. Kd4 Ne2+ 45. Ke3 Nc1 46.
Nh3 g4 47. fxg4 hxg4 48. Ng5 Ke7 49. Kf4 Kf6 50. Nh7+ Kg7 51. Ng5 Kg6 52. Ne6
Nxa2 53. Nc5 Nc1 54. b4 Na2 55. Nxb7 Nxb4 56. Nd6 Nd3+ 57. Kg3 a5 58. h3 gxh3
59. Kxh3 a4 60. Nc4 Kg5 61. Kg2 Ne1+ 62. Kg3 Nc2 63. Na5 a3 64. Nb3 a2 0-1

[Event "26.Schlosspark-Open"]
[Site "Wiesbaden-Biebrich"]
[Date "2014.08.28"]
[Round "1.52"]
[White "Hain, Gunter"]
[Black "Wöhl, Torsten"]
[Result "1-0"]
[WhiteElo "2047"]
[BlackElo "1626"]
[PlyCount "49"]
[EventDate "2014.??.??"]
[WhiteTeam "SK Frankenthal"]
[BlackTeam "SC Groß-Zimmern"]

1. d4 Nf6 2. Nc3 g6 3. e4 d6 4. Nf3 Bg7 5. Be2 Nc6 6. d5 Ne5 7. Nxe5 dxe5 8.
O-O O-O 9. Be3 a6 10. a4 Ne8 11. Qd2 f5 12. exf5 Bxf5 13. f3 Nd6 14. Rfe1 Rc8
15. Rad1 Qe8 16. a5 Bd7 17. Ne4 Nf5 18. Bf2 Qf7 19. Nc5 Bb5 20. c4 b6 21. Ne6
Bh6 22. Qb4 Ne3 23. cxb5 Nxd1 24. Rxd1 bxa5 25. Qh4 1-0

[Event "26.Schlosspark-Open"]
[Site "Wiesbaden-Biebrich"]
[Date "2014.08.28"]
[Round "1.53"]
[White "Krastev, Alexander"]
[Black "Brechlin, Olaf"]
[Result "0-1"]
[WhiteElo "1620"]
[BlackElo "2036"]
[PlyCount "122"]
[EventDate "2014.??.??"]
[WhiteTeam "Biebertaler SF"]
[BlackTeam "FVS ASP Hoyerswerda"]

1. e4 Nc6 2. d4 e5 3. d5 Nce7 4. Be3 Nf6 5. Nc3 Ng6 6. Nf3 Bb4 7. Bd3 O-O 8.
O-O d6 9. Ne2 Ng4 10. Bg5 f6 11. Bc1 Bc5 12. h3 Nh6 13. Bxh6 gxh6 14. Qd2 Kg7
15. Ng3 Nf4 16. Nh4 Rg8 17. Nhf5+ Bxf5 18. Nxf5+ Kh8 19. g3 Nxh3+ 20. Kg2 Nf4+
21. Kf3 Qe8 22. Rh1 Nxd3 23. Qxh6 Qg6 24. cxd3 Qxh6 25. Rxh6 Rg6 26. Rh4 Rd8
27. Rah1 Rd7 28. R4h3 c6 29. Rc1 cxd5 30. exd5 Rg5 31. g4 Rg6 32. a3 a5 33. Rc2
Rg8 34. Rh6 Rf7 35. Rc1 Rg6 36. Rh5 b5 37. Rch1 a4 38. Ng3 Rfg7 39. R5h4 Rf7
40. Rh5 Rfg7 41. R5h4 Bd4 42. Nf5 Rc7 43. Nxd6 Bxb2 44. Nxb5 Rd7 45. Ke4 f5+
46. Kxf5 Rf7+ 47. Ke4 Rb7 48. d4 Rgb6 49. dxe5 Rxb5 50. Rh6 Bxa3 51. Ra1 Rb4+
52. Kf5 Bb2 53. Ra2 Kg7 54. Ra6 a3 55. d6 R4b5 56. f4 Kf7 57. Ke4 Rc5 58. d7
Rb4+ 59. Kf5 Ke7 60. Rd6 Rxf4+ 61. Kg5 Rf8 0-1

[Event "26.Schlosspark-Open"]
[Site "Wiesbaden-Biebrich"]
[Date "2014.08.28"]
[Round "1.54"]
[White "Marten, Gero"]
[Black "Stallknecht, Britta"]
[Result "1-0"]
[WhiteElo "2032"]
[BlackElo "1618"]
[PlyCount "107"]
[EventDate "2014.??.??"]
[WhiteTeam "SG Turm Idstein"]
[BlackTeam "SK Großsachsen"]

1. d4 d5 2. Nf3 Nf6 3. c4 c6 4. e3 e6 5. Qc2 Nbd7 6. b3 Bb4+ 7. Bd2 Qa5 8. Bd3
h6 9. O-O Bxd2 10. Nbxd2 O-O 11. Rac1 Re8 12. Qb2 dxc4 13. Nxc4 Qc7 14. a4 Nd5
15. b4 N7b6 16. a5 Nxc4 17. Rxc4 Qd6 18. Ra1 Rb8 19. e4 Nc7 20. e5 Qd7 21. Qe2
Rd8 22. Qe4 Ne8 23. Qh4 Kf8 24. Rac1 b6 25. axb6 Rxb6 26. Be4 Bb7 27. Qf4 Rc8
28. Qd2 Ba6 29. Rc5 Rc7 30. h3 Bb5 31. Qc3 Rcb7 32. Rxb5 cxb5 33. Bxb7 Rxb7 34.
Qc5+ Kg8 35. Qc8 Qxc8 36. Rxc8 Kf8 37. Nd2 Ke7 38. Nb3 Kd7 39. Rc3 Rb6 40. Nc5+
Kd8 41. Ra3 a6 42. Nxa6 Nc7 43. Nxc7 Kxc7 44. Ra7+ Rb7 45. Rxb7+ Kxb7 46. Kf1
Kc6 47. Ke2 h5 48. h4 Kd5 49. Kd3 f6 50. exf6 gxf6 51. g4 Kd6 52. gxh5 Ke7 53.
Ke4 Kf7 54. f4 1-0